Những qui định hướng dẫn thi hành bộ luật dân sự
Bộ luật dân sự quy định địa vị pháp lý, chuẩn mực pháp lý cho cách ứng xử của cá nhân, pháp nhân, chủ thể khác, quyền, nghĩa vụ của các chủ thể về nhân thân và tài sản trong các quan hệ dân sự, hôn nhân và gia đình, kinh doanh, thương mại,...
محفوظ في:
| المؤلف الرئيسي: | |
|---|---|
| التنسيق: | كتاب |
| اللغة: | Undetermined |
| منشور في: |
Thành phố Hồ Chí Minh
Công an Nhân dân
1998
|
| الموضوعات: | |
| الوسوم: |
إضافة وسم
لا توجد وسوم, كن أول من يضع وسما على هذه التسجيلة!
|
| Thư viện lưu trữ: | Trung tâm Học liệu Trường Đại học Cần Thơ |
|---|
| LEADER | 01219nam a2200205Ia 4500 | ||
|---|---|---|---|
| 001 | CTU_153871 | ||
| 008 | 210402s9999 xx 000 0 und d | ||
| 020 | |c 25000 | ||
| 082 | |a 346.597 | ||
| 082 | |b Đ307 | ||
| 100 | |a Nguyễn, Ngọc Điệp | ||
| 245 | 0 | |a Những qui định hướng dẫn thi hành bộ luật dân sự | |
| 245 | 0 | |c Nguyễn Ngọc Điệp | |
| 260 | |a Thành phố Hồ Chí Minh | ||
| 260 | |b Công an Nhân dân | ||
| 260 | |c 1998 | ||
| 520 | |a Bộ luật dân sự quy định địa vị pháp lý, chuẩn mực pháp lý cho cách ứng xử của cá nhân, pháp nhân, chủ thể khác, quyền, nghĩa vụ của các chủ thể về nhân thân và tài sản trong các quan hệ dân sự, hôn nhân và gia đình, kinh doanh, thương mại, lao động (sau đây gọi chung là quan hệ dân sự). Sách trình bày các nghị định, văn bản hướng dẫn thi hành Bộ luật dân sự. | ||
| 650 | |a Civil law ( vietnamese law ),Luật dân sự Việt Nam | ||
| 904 | |i Năm | ||
| 980 | |a Trung tâm Học liệu Trường Đại học Cần Thơ | ||